| 000 | 00795cam a2200253 a 4500 | ||
|---|---|---|---|
| 005 | 20260322212034.0 | ||
| 008 | data | ||
| 010 | _a 2003064310 | ||
| 020 | _a1932156798 | ||
| 020 | _a9781932156799 | ||
| 040 |
_aDLC _cDLC _dDLC |
||
| 042 | _apcc | ||
| 050 | 0 | 0 |
_aBJ1611 _b.M36 2004 |
| 082 | 0 | 0 |
_a158.1 _222 |
| 092 | _a158.1 M36 2004 | ||
| 245 | 1 | 0 |
_aMasters of success / _bproven techniques for achieving success in business and life |
| 260 |
_aIrvine, CA : _bEntrepreneur Press, _cc2004. |
||
| 300 |
_ax, 275 p. _c23 cm. |
||
| 500 | _aIncludes index. | ||
| 650 | 0 | _aSuccess. | |
| 856 | 4 | 2 |
_3Publisher description _uhttp://www.loc.gov/catdir/description/mh051/2003064310.html |
| 856 | 4 | 2 |
_3Contributor biographical information _uhttp://www.loc.gov/catdir/bios/mh042/2003064310.html |
| 001 | data | ||
| 999 |
_c781 _d781 |
||